| 000 | 00435nam a2200145 4500 | ||
|---|---|---|---|
| 001 | 113746 | ||
| 003 | ES-MaACL | ||
| 007 | t| | ||
| 008 | 061121s1962 ck r ||||1| spa d | ||
| 100 | 1 |
_aPacheco, Juan Manuel. _988125 |
|
| 245 | 1 | 4 |
_aLos Jesuítas en Colombia / _cJuan Manuel Pacheco, S. J. |
| 260 |
_aBogotá : _b[s.n., _c1962 ( _fBurgos : hijos de Santiago Rodríguez]) |
||
| 300 |
_a542 p. ; _c25 cm. |
||
| 852 |
_aES-MaACL _jE-3975 |
||
| 999 |
_c113746 _d113746 |
||